00309nam a2200133Ia 45000030006000000080041000060400015000471000022000622450029000842500011001132600022001245460012001460050017001580STCL150530s9999 xx 000 0 und d aSTCLcSTCL aSmith Gilbert, M. aCryptogamic botany vol I aSecond bMcgraw hillc1955 aEnglish20220125170352.0